Statystyki dla 10 Największych miast w Belgii

Kliknij tutaj aby rozwiązać quiz!

Ogólne statystyki

  • Ten quiz został rozwiązany 60 razy
  • Średni wynik to 5 z 10

Statystyki odpowiedzi

LudnośćMiasto% Poprawnych
1,222,637Bruksela
98%
530,630Antwerpia
81%
265,086Gandawa
63%
118,509Brugia
60%
195,278Liège
54%
202,421Charleroi
40%
102,236Leuven
19%
112,559Namur
19%
96,545Mons
17%
88,854Aalst
4%

Rozkład punktacji

Percentyl według liczby udzielonych odpowiedzi

Procent ludzi z każdym wynikiem

Twoja historia wyników

Nie rozwiązałeś tego quizu